|
|
|
|
| LEADER |
00000nab a2200000 a 4500 |
| 001 |
vtls009505133 |
| 003 |
SK-MaSNL |
| 005 |
20260303162114.0 |
| 008 |
171120 2009 xo w 000 0 slo |
| 038 |
|
|
|a TNKJF
|
| 040 |
|
|
|a TNKJF
|b slo
|c TNKJF
|e AACR2
|
| 041 |
0 |
|
|a slo
|
| 044 |
|
|
|a xo
|c SK
|
| 080 |
|
|
|a 159.9-051
|2 2001
|
| 080 |
|
|
|a 7.071.2
|2 2001
|
| 080 |
|
|
|a 929 Plichtová Jana
|2 2001
|
| 100 |
1 |
|
|a Horváthová-Čisáriková, Alena
|4 ivr
|4 aut
|9 326485
|
| 245 |
1 |
0 |
|a Pre nahotu musela odísť zo školy
|b rande s vedeckou pracovníčkou a bývalou herečkou Janou Plichtovou
|c Alena Horváthová-Čisáriková, Jana Plichtová ; foto Ramon Leško, archív J. P.
|
| 300 |
|
|
|b Fotogr.
|
| 600 |
1 |
7 |
|a Plichtová, Jana,
|d 1950-
|2 tvzk
|9 92414
|
| 650 |
0 |
7 |
|a osobnosti
|2 snkbucl
|9 29820
|
| 650 |
0 |
7 |
|a herci
|2 tnkjf
|9 3087
|
| 650 |
0 |
7 |
|a rozhovory
|2 tnkjf
|9 453585
|
| 651 |
|
7 |
|a Trnava (Slovensko)
|2 tvzk
|9 19407
|
| 700 |
1 |
|
|a Plichtová, Jana,
|d 1950-
|4 ive
|4 aut
|9 92414
|
| 700 |
1 |
|
|a Leško, Ramon
|4 pht
|9 364034
|
| 773 |
0 |
|
|t Slovenka
|g Roč. 62, č. 19 (2009), s. 22-[25]
|x 1336-0973
|
| 852 |
|
|
|a TNKJF
|b KIS3GCP
|
| 958 |
|
|
|a BX
|
| 958 |
|
|
|a SK
|
| 999 |
|
|
|c 2052237
|d 2054167
|